[Event "BSF 75 aar Jubilaeum 2010"]
[Site "Bronshoj"]
[Date "2010.02.15"]
[Round "1"]
[White "Saada, Julien"]
[Black "Hector, Jonny"]
[Result "0-1"]
[WhiteElo "2307"]
[BlackElo "2572"]
[PlyCount "110"]
[EventDate "2010.??.??"]
[EventCountry "DEN"]


1. d4 d5 2. c4 c6 3. Nf3 Nf6 4. e3 Bf5 5. cxd5 cxd5 6. Qb3 Qc7 7. Bd2 e6 8.
Bb5+ Nc6 9. O-O Bd6 10. Bb4 Ne4 11. Bxd6 Qxd6 12. Nc3 O-O 13. Nxe4 Bxe4 14.
Bxc6 bxc6 15. Nd2 Bg6 16. Qc3 f6 17. Rac1 Rab8 18. Nb3 Rb6 19. Qa5 Bd3 20. Rfd1
Bc4 21. Qxa7 Rfb8 22. Qa3 Qxa3 23. bxa3 Ra8 24. Nd2 Bxa2 25. Rc3 Raa6 26. Kf1
Rb2 27. Ke1 e5 28. Rdc1 exd4 29. exd4 Kf7 30. g4 Ra4 31. R1c2 Rxc2 32. Rxc2 Bc4
33. Rc3 Ke6 34. f4 Kd6 35. Kf2 Bb5 36. Nf3 Rc4 37. Re3 Rc2+ 38. Ke1 Rc1+ 39.
Kd2 Rf1 40. h4 c5 41. g5 cxd4 42. Nxd4 Bd7 43. Nf3 Bg4 44. Ke2 Rh1 45. gxf6
gxf6 46. Kf2 h5 47. Ng1 Rh2+ 48. Kg3 Rc2 49. Nf3 Kc5 50. Ne1 Ra2 51. f5 Bxf5
52. Rf3 Be4 53. Rxf6 Rxa3+ 54. Kf2 Rh3 55. Rf4 Kd6 0-1

[Event "BSF 75 aar Jubilaeum 2010"]
[Site "Bronshoj"]
[Date "2010.02.15"]
[Round "1"]
[White "Rasmussen, Allan Stig"]
[Black "Teplyi, Igor"]
[Result "1/2-1/2"]
[WhiteElo "2542"]
[BlackElo "2305"]
[PlyCount "118"]
[EventDate "2010.??.??"]
[EventCountry "DEN"]


1. e4 c5 2. d3 Nc6 3. f4 d5 4. Be2 dxe4 5. dxe4 Qxd1+ 6. Bxd1 Bd7 7. Nf3 f6 8.
Na3 Nh6 9. c3 e6 10. Be3 Be7 11. Be2 O-O 12. Nc4 Rfd8 13. a4 Nf7 14. Kf2 Kf8
15. Nfd2 b6 16. Rhb1 Rab8 17. Ke1 Bc8 18. Bf3 Bb7 19. a5 b5 20. a6 Ba8 21. Na5
Nxa5 22. Rxa5 f5 23. Be2 Bc6 24. e5 Rdc8 25. g3 Nd8 26. Rd1 Kf7 27. Kf2 Be8 28.
c4 bxc4 29. Nxc4 Nc6 30. Ra3 Nd4 31. Bd3 Bb5 32. Rd2 Nc6 33. Nd6+ Bxd6 34. exd6
Bxd3 35. Raxd3 Nb4 36. Rb3 Nxa6 37. d7 Rd8 38. Ra3 Rb6 39. b4 Nxb4 40. Rxa7 Rc6
41. Ke2 Nd5 42. Rb2 Nf6 43. Rbb7 Ke7 44. Bd2 Rxd7 45. Bc3 Rcd6 46. Bxf6+ gxf6
47. Rxd7+ Rxd7 48. Ra6 Rc7 49. Kd3 c4+ 50. Kc3 Kf7 51. Rb6 e5 52. fxe5 fxe5 53.
Rh6 Kg7 54. Re6 e4 55. h3 h6 56. g4 fxg4 57. hxg4 Rc5 58. Rxe4 Kg6 59. Rxc4
Rxc4+ 1/2-1/2

[Event "BSF 75 aar Jubilaeum 2010"]
[Site "Bronshoj"]
[Date "2010.02.15"]
[Round "1"]
[White "Andersen, Mads"]
[Black "Danielsen, Henrik"]
[Result "0-1"]
[WhiteElo "2300"]
[BlackElo "2495"]
[PlyCount "116"]
[EventDate "2010.??.??"]
[EventCountry "DEN"]


1. e4 c5 2. Nf3 Nc6 3. d4 cxd4 4. Nxd4 g6 5. c4 Bg7 6. Nc2 d6 7. Be2 Nf6 8. Nc3
Nd7 9. Bd2 Nc5 10. O-O O-O 11. b4 Ne6 12. Rc1 a5 13. a3 axb4 14. axb4 Bd7 15.
Nb5 Ne5 16. Be3 Bxb5 17. cxb5 Rc8 18. Na3 Rxc1 19. Qxc1 Qa8 20. Nc4 Nxc4 21.
Qxc4 Rc8 22. Qd5 Nc7 23. Qb3 e6 24. Rd1 Ne8 25. Bc4 Qb8 26. b6 Rd8 27. Bg5 Rc8
28. Bb5 Kf8 29. Qh3 h5 30. Qh4 Kg8 31. Bd7 Rc4 32. Bd8 Rc8 33. Bxc8 Qxc8 34.
Bc7 Bf6 35. Qg3 Be5 36. f4 Bf6 37. Qd3 Be7 38. Qb5 Nf6 39. e5 dxe5 40. fxe5 Nd5
41. Qa4 Bg5 42. Qa5 Kg7 43. Kh1 Be3 44. Ra1 Qd7 45. Qa4 Qe7 46. Bd6 Qg5 47. Qa8
Qf5 48. Qxb7 Bxb6 49. Qa6 g5 50. Rf1 Qg6 51. Qb7 h4 52. Qb8 Bf2 53. Qf8+ Kh7
54. Bc5 h3 55. Bxf2 hxg2+ 56. Kxg2 Nf4+ 57. Kf3 Qd3+ 58. Be3 Qd5+ 0-1

[Event "BSF 75 aar Jubilaeum 2010"]
[Site "Bronshoj"]
[Date "2010.02.15"]
[Round "1"]
[White "Bromann, Thorbjorn"]
[Black "Brinck Claussen, Bjorn"]
[Result "1-0"]
[WhiteElo "2434"]
[BlackElo "2300"]
[PlyCount "85"]
[EventDate "2010.??.??"]
[EventCountry "DEN"]


1. e4 e6 2. Nf3 d5 3. Nc3 Nf6 4. e5 Nfd7 5. d4 c5 6. dxc5 Bxc5 7. Bd3 Nc6 8.
Bf4 a6 9. Qe2 Nd4 10. Nxd4 Bxd4 11. O-O g5 12. Bg3 h5 13. h3 Nc5 14. Qd2 Bxc3
15. Qxc3 Nxd3 16. cxd3 Bd7 17. Qd4 Qe7 18. Rfc1 Bc6 19. b4 h4 20. Bh2 a5 21. a3
axb4 22. axb4 Rxa1 23. Rxa1 O-O 24. f3 Kh7 25. Kh1 Kg6 26. Ra5 Qd7 27. b5 Qd8
28. Qb4 Bd7 29. Ra7 Bc8 30. Bg1 Re8 31. Bc5 d4 32. Bd6 Qb6 33. Bc5 Qd8 34. Ra8
Qd5 35. Bxd4 Bd7 36. Ra5 b6 37. Bxb6 Qxd3 38. Bg1 Rb8 39. Qe7 Be8 40. Qf6+ Kh5
41. b6 Qf5 42. Qh8+ Kg6 43. Ra7 1-0

[Event "BSF 75 aar Jubilaeum 2010"]
[Site "Bronshoj"]
[Date "2010.02.15"]
[Round "1"]
[White "Skovgaard, Peter Nicolai"]
[Black "Hoi, Carsten"]
[Result "1-0"]
[WhiteElo "2279"]
[BlackElo "2393"]
[PlyCount "61"]
[EventDate "2010.??.??"]
[EventCountry "DEN"]


1. e4 g6 2. d4 Bg7 3. Nc3 d6 4. Be3 c6 5. Qd2 b5 6. f3 Nd7 7. h4 h5 8. Nh3 Ngf6
9. Ng5 Nb6 10. b3 O-O 11. Bd3 e5 12. dxe5 dxe5 13. a4 a6 14. O-O Rb8 15. axb5
cxb5 16. Na2 Bb7 17. Qf2 Nbd7 18. c4 bxc4 19. Bxc4 Bc6 20. Nc3 a5 21. Rfd1 Qc7
22. Nd5 Bxd5 23. exd5 e4 24. d6 Qd8 25. Bd2 Ra8 26. fxe4 Ne5 27. Bc3 Nfg4 28.
Qc5 Nd7 29. Nxf7 Rxf7 30. Bxf7+ Kh7 31. Bxg6+ 1-0

[Event "BSF 75 aar Jubilaeum 2010"]
[Site "Bronshoj"]
[Date "2010.02.15"]
[Round "1"]
[White "Mikkelsen, Nikolaj"]
[Black "Naes, Flovin Tor"]
[Result "1-0"]
[WhiteElo "2381"]
[BlackElo "2262"]
[PlyCount "75"]
[EventDate "2010.??.??"]
[EventCountry "DEN"]


1. e4 e5 2. Nf3 Nc6 3. Bc4 Bc5 4. c3 Nf6 5. d3 d6 6. Bb3 O-O 7. h3 Be6 8. Nbd2
d5 9. Qe2 Nh5 10. g3 f5 11. d4 exd4 12. cxd4 Nxd4 13. Nxd4 Bxd4 14. e5 g6 15.
Nf3 Bc5 16. Bg5 Bb4+ 17. Kf1 Qd7 18. Rd1 c6 19. Rd4 Be7 20. Rh4 Bxg5 21. Nxg5
Qe7 22. Qd2 Rae8 23. Bd1 Bf7 24. e6 Bxe6 25. Bxh5 gxh5 26. Rxh5 d4 27. Rxh7
Bc4+ 28. Kg2 Qf6 29. Rg1 Re2 30. Qf4 Bd5+ 31. Kh2 c5 32. Rd7 Bc6 33. Nh7 Qh6
34. Re7 Rxb2 35. h4 Qh5 36. Nxf8 Kxf8 37. Re5 Be4 38. Rxe4 1-0

[Event "BSF 75 aar Jubilaeum 2010"]
[Site "Bronshoj"]
[Date "2010.02.15"]
[Round "1"]
[White "Nielsen, Lars Aaes"]
[Black "Picard, Romain"]
[Result "1/2-1/2"]
[WhiteElo "2248"]
[BlackElo "2365"]
[PlyCount "86"]
[EventDate "2010.??.??"]
[EventCountry "DEN"]


1. e4 e5 2. Nf3 d6 3. d4 exd4 4. Bc4 Be7 5. Nxd4 Nf6 6. Nc3 O-O 7. O-O Re8 8.
h3 Bf8 9. Qf3 Nbd7 10. Bg5 Ne5 11. Qe2 h6 12. Bxf6 Qxf6 13. Bb3 c6 14. Rad1 Ng6
15. f4 Qh4 16. Qf2 Qxf2+ 17. Rxf2 Bd7 18. a4 b6 19. g4 Rad8 20. Kh2 a6 21. g5
d5 22. exd5 cxd5 23. gxh6 Bd6 24. Nxd5 Re4 25. Ne2 Be6 26. Ndc3 Rb4 27. Bxe6
fxe6 28. b3 gxh6 29. Kh1 Bc7 30. Rxd8+ Bxd8 31. Rf3 Kf7 32. Rd3 Be7 33. f5 exf5
34. Nd5 Re4 35. Nxe7 Kxe7 36. Nd4 Nh4 37. Nf3 Nxf3 38. Rxf3 Re2 39. Rxf5 Rxc2
40. Re5+ Kf6 41. Rh5 Kg7 42. Rh4 a5 43. Rh5 Rc6 1/2-1/2

[Event "BSF 75 aar Jubilaeum 2010"]
[Site "Bronshoj"]
[Date "2010.02.15"]
[Round "1"]
[White "Rossen, Claus"]
[Black "Andersen, Ole Bo"]
[Result "1-0"]
[WhiteElo "2223"]
[BlackElo "2125"]
[PlyCount "67"]
[EventDate "2010.??.??"]
[EventCountry "DEN"]


1. d4 Nf6 2. c4 g6 3. Nc3 Bg7 4. e4 d6 5. f3 O-O 6. Be3 Nc6 7. Qd2 a6 8. Nge2
Rb8 9. Rc1 e5 10. d5 Ne7 11. c5 Nh5 12. g4 Nf6 13. cxd6 cxd6 14. h4 Bd7 15. h5
b5 16. Ng3 b4 17. Nd1 Qa5 18. b3 Bb5 19. a4 Bxf1 20. Kxf1 Rbc8 21. Nb2 Rxc1+
22. Qxc1 Rc8 23. Nc4 Qd8 24. Qd2 Rb8 25. hxg6 fxg6 26. g5 Nh5 27. Nxh5 gxh5 28.
Rxh5 Qf8 29. Qg2 Ng6 30. Qg4 Re8 31. Kg2 Qe7 32. Rh1 Kh8 33. Qh5 Nf8 34. Nxd6
1-0

[Event "BSF 75 aar Jubilaeum 2010"]
[Site "Bronshoj"]
[Date "2010.02.15"]
[Round "1"]
[White "Petersen, Peter Birk"]
[Black "Jensen, Michael Agermose"]
[Result "1-0"]
[WhiteElo "2203"]
[BlackElo "2070"]
[PlyCount "63"]
[EventDate "2010.??.??"]
[EventCountry "DEN"]


1. e4 c5 2. Nf3 d6 3. d4 cxd4 4. Nxd4 Nf6 5. Nc3 g6 6. Be2 Bg7 7. Be3 Nc6 8.
O-O O-O 9. Nb3 Be6 10. f4 Rc8 11. Kh1 a6 12. Nd4 Nxd4 13. Bxd4 Bc4 14. Re1 Qa5
15. Bf3 e5 16. Be3 Rfd8 17. Qc1 Be6 18. Re2 Ng4 19. Bxg4 Bxg4 20. Rf2 exf4 21.
Bxf4 Bxc3 22. bxc3 Qxc3 23. Bg5 Qd4 24. Rf4 Rxc2 25. Qe1 Bh3 26. gxh3 Qb2 27.
Qf1 Rxh2+ 28. Kg1 Rxh3 29. Rf2 Qd4 30. Bxd8 Rg3+ 31. Kh2 Qe5 32. Bf6 1-0

[Event "BSF 75 aar Jubilaeum 2010"]
[Site "Bronshoj"]
[Date "2010.02.15"]
[Round "1"]
[White "Jensen, Soren Holm"]
[Black "Andersen, Alf Roger"]
[Result "0-1"]
[WhiteElo "2060"]
[BlackElo "2200"]
[PlyCount "80"]
[EventDate "2010.??.??"]
[EventCountry "DEN"]


1. e4 d6 2. d4 Nf6 3. Nc3 g6 4. f4 Bg7 5. Nf3 c5 6. d5 O-O 7. Be2 b5 8. e5 dxe5
9. fxe5 Ng4 10. Bf4 Nd7 11. d6 Bb7 12. Nxb5 Ngxe5 13. Nxe5 Nxe5 14. O-O Qd7 15.
dxe7 Qxe7 16. Qd6 Rfe8 17. Qxe7 Rxe7 18. Rad1 Nc6 19. Bc4 Na5 20. Bd5 Bxb2 21.
Bg5 Rd7 22. Bxb7 Rxb7 23. Nd6 Rd7 24. Ne4 Rxd1 25. Rxd1 Bd4+ 26. Kf1 Nc4 27. c3
Be5 28. g3 f6 29. Nxf6+ Bxf6 30. Bxf6 Ne3+ 31. Ke2 Nxd1 32. Kxd1 Kf7 33. Bg5
Ke6 34. Kd2 Kd5 35. Kd3 c4+ 36. Kd2 Ke4 37. h4 Rf8 38. Be3 Rd8+ 39. Ke2 Rd3 40.
Bxa7 Rxc3 0-1

[Event "BSF 75 aar Jubilaeum 2010"]
[Site "Bronshoj"]
[Date "2010.02.15"]
[Round "1"]
[White "Hvenekilde, Jorgen"]
[Black "Petersen, Nils"]
[Result "1/2-1/2"]
[WhiteElo "2190"]
[BlackElo "2059"]
[PlyCount "93"]
[EventDate "2010.??.??"]
[EventCountry "DEN"]


1. d4 Nf6 2. Nf3 e6 3. c4 Bb4+ 4. Bd2 a5 5. a3 Bxd2+ 6. Nbxd2 d5 7. e3 O-O 8.
Qc2 Nc6 9. Bd3 h6 10. O-O Re8 11. Rad1 Re7 12. Rfe1 Qe8 13. h3 Bd7 14. Ne5 Rc8
15. f4 dxc4 16. Ndxc4 b5 17. Nxc6 Bxc6 18. Nxa5 Ba8 19. b4 Qd7 20. Qe2 Rb8 21.
Rc1 Ne4 22. Bxe4 Bxe4 23. Rc5 c6 24. Rec1 Rb6 25. Qb2 Re8 26. Nb3 Bd5 27. Nd2
f5 28. Nf3 Bxf3 29. gxf3 Ra8 30. R1c3 Raa6 31. Qa2 Kf8 32. Re5 Ke7 33. Qg2 Kf6
34. Qg3 Rb8 35. Qh4+ Kg6 36. Qf2 Kf6 37. Qb2 Kf7 38. Qc2 Kf6 39. Rec5 Rbb6 40.
Qb2 Kf7 41. Rc1 Qa7 42. Ra1 Qe7 43. Kh2 g6 44. Rac1 Qd6 45. Rg1 Rb8 46. Kh1
Rba8 47. Qg2 1/2-1/2

[Event "BSF 75 aar Jubilaeum 2010"]
[Site "Bronshoj"]
[Date "2010.02.15"]
[Round "1"]
[White "Petersen, Steen Brustrup"]
[Black "Frisk, Hans"]
[Result "1/2-1/2"]
[WhiteElo "2154"]
[BlackElo "2022"]
[PlyCount "32"]
[EventDate "2010.??.??"]
[EventCountry "DEN"]


1. e4 e5 2. Nf3 Nc6 3. Bb5 f5 4. Nc3 fxe4 5. Nxe4 Nf6 6. Nxf6+ Qxf6 7. O-O Nd4
8. Nxd4 exd4 9. Re1+ Be7 10. Qh5+ g6 11. Qe2 c6 12. Bd3 d5 13. b3 O-O 14. Qxe7
Qxf2+ 15. Kh1 Bh3 16. gxh3 Qf3+ 1/2-1/2

[Event "BSF 75 aar Jubilaeum 2010"]
[Site "Bronshoj"]
[Date "2010.02.15"]
[Round "1"]
[White "Jorgensen, Rasmus"]
[Black "Kragh, Niels Kristian"]
[Result "1/2-1/2"]
[WhiteElo "2015"]
[BlackElo "2147"]
[PlyCount "36"]
[EventDate "2010.??.??"]
[EventCountry "DEN"]


1. e4 c6 2. d4 d5 3. e5 Bf5 4. Nf3 e6 5. Be2 Ne7 6. O-O Nd7 7. Be3 Ng6 8. Nbd2
f6 9. exf6 gxf6 10. c4 Bd6 11. Re1 O-O 12. Nf1 Be4 13. Bh6 Re8 14. N3d2 Bf4 15.
Bxf4 Nxf4 16. Nxe4 dxe4 17. Bh5 Nxh5 18. Qxh5 f5 1/2-1/2

[Event "BSF 75 aar Jubilaeum 2010"]
[Site "Bronshoj"]
[Date "2010.02.16"]
[Round "2"]
[White "Bromann, Thorbjorn"]
[Black "Hillarp Persson, Tiger"]
[Result "0-1"]
[WhiteElo "2434"]
[BlackElo "2581"]
[PlyCount "88"]
[EventDate "2010.??.??"]
[EventCountry "DEN"]


1. e4 c5 2. Nf3 d6 3. d4 cxd4 4. Qxd4 a6 5. c4 Nc6 6. Qd2 g6 7. b3 Nf6 8. Nc3
Bg7 9. Bb2 Bg4 10. Be2 O-O 11. O-O Qa5 12. Rfd1 Rfc8 13. a3 Nd7 14. Rab1 Qd8
15. Ne1 Bxe2 16. Nxe2 Bxb2 17. Rxb2 b5 18. Rc1 Nce5 19. cxb5 Rxc1 20. Qxc1 axb5
21. Nc3 Nc5 22. Rb1 Qb6 23. Nc2 Ncd3 24. Qd2 e6 25. h3 Rc8 26. Nd1 Qc6 27. Ne1
Qxe4 28. Nc3 Qf5 29. Nxd3 Nxd3 30. Rf1 Nf4 31. Ne2 Nxe2+ 32. Qxe2 Rc2 33. Qd1
Qc5 34. b4 Qc7 35. Qd3 Rc4 36. g3 d5 37. h4 Qe5 38. Qd2 Kg7 39. Rb1 Qc3 40. Qa2
Qc2 41. Qa1+ d4 42. Rb2 Qc3 43. Qa2 Qe1+ 44. Kg2 Rc1 0-1

[Event "BSF 75 aar Jubilaeum 2010"]
[Site "Bronshoj"]
[Date "2010.02.16"]
[Round "2"]
[White "Hector, Jonny"]
[Black "Mikkelsen, Nikolaj"]
[Result "1-0"]
[WhiteElo "2572"]
[BlackElo "2381"]
[PlyCount "85"]
[EventDate "2010.??.??"]
[EventCountry "DEN"]


1. e4 c5 2. Nf3 d6 3. d4 cxd4 4. Nxd4 Nf6 5. Nc3 Nc6 6. f4 g6 7. Nf3 Bg7 8. Bd3
O-O 9. O-O Bg4 10. Qe1 Rc8 11. Qh4 Qa5 12. Bd2 Nb4 13. Kh1 Qh5 14. Qf2 Nd7 15.
Ne1 Nc5 16. h3 Ncxd3 17. cxd3 Bxh3 18. gxh3 Qxh3+ 19. Kg1 Nxd3 20. Nxd3 Bd4 21.
Ne1 Qg4+ 22. Ng2 Bxf2+ 23. Rxf2 e6 24. Raf1 Rc5 25. e5 d5 26. Nd1 d4 27. Bb4
Rc1 28. Rd2 Rfc8 29. Rxd4 h5 30. Bc3 Rxd1 31. Rfxd1 h4 32. f5 Qxf5 33. Nxh4 Qc2
34. Rf1 Rxc3 35. bxc3 Qxc3 36. Nf3 Kg7 37. Kg2 Qe3 38. Rd8 b5 39. Rh1 Qe4 40.
Kg3 g5 41. Rhh8 Qf4+ 42. Kf2 f5 43. exf6+ 1-0

[Event "BSF 75 aar Jubilaeum 2010"]
[Site "Bronshoj"]
[Date "2010.02.16"]
[Round "2"]
[White "Danielsen, Henrik"]
[Black "Skovgaard, Peter Nicolai"]
[Result "1-0"]
[WhiteElo "2495"]
[BlackElo "2279"]
[PlyCount "121"]
[EventDate "2010.??.??"]
[EventCountry "DEN"]


1. g3 e5 2. c4 Nf6 3. Bg2 d5 4. cxd5 Nxd5 5. Nf3 Nc6 6. O-O Be7 7. d4 e4 8. Ne5
f5 9. Nxc6 bxc6 10. Qa4 O-O 11. Qxc6 Rb8 12. Nc3 Bb7 13. Qc4 Kh8 14. Nxd5 Bxd5
15. Qc2 Bd6 16. b3 Qe7 17. e3 g5 18. f3 g4 19. f4 h5 20. Bd2 h4 21. gxh4 Qxh4
22. Be1 Qe7 23. Qf2 c6 24. Qh4+ Kg7 25. Qxe7+ Bxe7 26. Rc1 Rh8 27. Rc2 Rh6 28.
Bg3 a5 29. Be1 Bb4 30. Bxb4 axb4 31. Rff2 Ra8 32. Bf1 Ra7 33. Rg2 Rh3 34. Rge2
Rh8 35. h3 Kf6 36. hxg4 fxg4 37. Rh2 Rha8 38. Rhd2 Kf5 39. Kf2 g3+ 40. Kxg3
Rg7+ 41. Kf2 Rh8 42. Bg2 Kf6 43. Re2 Rhg8 44. Kf1 Ra7 45. Kg1 Rag7 46. Re1 Ra7
47. Kf2 Rag7 48. Rg1 Ra7 49. Rgc1 Ke7 50. Rh1 Rg7 51. Rh5 Ra8 52. Bxe4 Bxe4 53.
Re5+ Kd6 54. Rxe4 Rh8 55. Ke2 Rg1 56. Kd3 Rh3 57. f5 Rd1+ 58. Ke2 Rhh1 59. Re6+
Kd7 60. Rcxc6 Ra1 61. Ra6 1-0

[Event "BSF 75 aar Jubilaeum 2010"]
[Site "Bronshoj"]
[Date "2010.02.16"]
[Round "2"]
[White "Picard, Romain"]
[Black "Rasmussen, Allan Stig"]
[Result "1-0"]
[WhiteElo "2365"]
[BlackElo "2542"]
[PlyCount "107"]
[EventDate "2010.??.??"]
[EventCountry "DEN"]


1. e4 c6 2. d4 d5 3. Nc3 dxe4 4. Nxe4 Nd7 5. Bc4 Ngf6 6. Ng5 e6 7. Qe2 Nb6 8.
Bd3 h6 9. N5f3 c5 10. Be3 Qc7 11. Ne5 a6 12. Ngf3 Nbd5 13. O-O-O b5 14. dxc5
Nxe3 15. Qxe3 Bxc5 16. Qf4 Bb7 17. Kb1 O-O 18. Rhe1 Bxf2 19. Re2 Nd5 20. Qd2
Bc5 21. g4 f6 22. Ng6 Rfe8 23. g5 hxg5 24. Nxg5 Qb6 25. Ne4 Be3 26. Qe1 f5 27.
Qh4 Bh6 28. Rg2 fxe4 29. Bxe4 Qe3 30. Re1 Qd4 31. Ne5 Qxe5 32. Qxh6 Qf6 33.
Qh7+ Kf8 34. Bxd5 Bxd5 35. Rxg7 Qxg7 36. Rf1+ Ke7 37. Qxg7+ Kd6 38. Qg3+ Kc6
39. b3 Rf8 40. Qc3+ Kb6 41. Qd4+ Kc6 42. Rxf8 Rxf8 43. a4 Rf1+ 44. Kb2 bxa4 45.
Qxa4+ Kb6 46. Qd4+ Kb7 47. h4 Rh1 48. c4 Bc6 49. Qf4 a5 50. h5 Kc8 51. h6 e5
52. Qf8+ Kb7 53. Qg7+ Ka6 54. h7 1-0

[Event "BSF 75 aar Jubilaeum 2010"]
[Site "Bronshoj"]
[Date "2010.02.16"]
[Round "2"]
[White "Teplyi, Igor"]
[Black "Carstensen, Jacob"]
[Result "1/2-1/2"]
[WhiteElo "2305"]
[BlackElo "2317"]
[PlyCount "113"]
[EventDate "2010.??.??"]
[EventCountry "DEN"]


1. c4 e6 2. Nf3 d5 3. g3 Nf6 4. Bg2 Nbd7 5. b3 Be7 6. Bb2 O-O 7. O-O Re8 8. Nc3
c6 9. Qc2 Bf8 10. d4 Qa5 11. e4 dxc4 12. bxc4 e5 13. d5 Bc5 14. Nd2 Qc7 15. Nb3
Bd6 16. Qd2 a6 17. Rfd1 cxd5 18. Nxd5 Nxd5 19. cxd5 b6 20. Rdc1 Qd8 21. a4 Qe7
22. a5 b5 23. Qe3 Bb7 24. Rc2 Rec8 25. Rac1 Rxc2 26. Rxc2 Qd8 27. Bh3 Rc8 28.
Rxc8 Bxc8 29. Qc3 Bb7 30. Bxd7 Qxd7 31. Nc5 Bxc5 32. Qxc5 f6 33. Ba3 h5 34. f3
Qc8 35. Qxc8+ Bxc8 36. Kf2 Kf7 37. Ke3 Bh3 38. f4 Bg2 39. Bd6 exf4+ 40. gxf4 f5
41. e5 Bxd5 42. Kd4 Be6 43. Bb4 Ke8 44. Kc5 Kd7 45. Kb6 g5 46. fxg5 f4 47. Kc5
f3 48. Be1 b4 49. Kxb4 Bf5 50. Kc5 Ke6 51. Kd4 Bc2 52. h4 Bg6 53. Bg3 Be8 54.
Ke3 Bg6 55. Kxf3 Kd5 56. Kf4 Ke6 57. Bf2 1/2-1/2

[Event "BSF 75 aar Jubilaeum 2010"]
[Site "Bronshoj"]
[Date "2010.02.16"]
[Round "2"]
[White "Rendboe, John Filip"]
[Black "Nielsen, Lars Aaes"]
[Result "0-1"]
[WhiteElo "2247"]
[BlackElo "2248"]
[PlyCount "120"]
[EventDate "2010.??.??"]
[EventCountry "DEN"]


1. d4 e6 2. c4 b6 3. Nc3 Bb7 4. Nf3 Nf6 5. g3 Bb4 6. Bg2 O-O 7. O-O c5 8. Nb5
cxd4 9. Nbxd4 Qc8 10. a3 Be7 11. b3 Rd8 12. Bb2 d6 13. Rc1 Nbd7 14. Ne1 Bxg2
15. Nxg2 Qb7 16. f3 a6 17. e4 Rac8 18. Qe2 Bf8 19. Rfe1 g6 20. Rcd1 e5 21. Nc2
b5 22. cxb5 Qxb5 23. Qxb5 axb5 24. Nce3 Nc5 25. b4 Na4 26. Ba1 Nb6 27. Rc1 Bh6
28. f4 Rxc1 29. Rxc1 Nxe4 30. Ng4 Bg7 31. fxe5 dxe5 32. Bxe5 Nc4 33. Bxg7 Kxg7
34. N2e3 Nxe3 35. Nxe3 Rd3 36. Nc2 Rc3 37. Kf1 Nd2+ 38. Ke1 Nb3 39. Rb1 Rxc2
40. Rxb3 Rxh2 41. Rc3 Rh5 42. Kf2 Rf5+ 43. Kg2 h5 44. Rc8 Kf6 45. Rb8 Rd5 46.
Rb7 g5 47. Kf2 Ke6 48. Ke3 f6 49. Rh7 Kf5 50. Rxh5 Kg4 51. Rh6 Rf5 52. Rh8 Rf3+
53. Ke2 Rxa3 54. Rb8 Rxg3 55. Rxb5 f5 56. Rb8 Rb3 57. b5 Rb2+ 58. Ke1 f4 59. b6
Kg3 60. b7 f3 0-1

[Event "BSF 75 aar Jubilaeum 2010"]
[Site "Bronshoj"]
[Date "2010.02.16"]
[Round "2"]
[White "Hoi, Carsten"]
[Black "Saada, Julien"]
[Result "1-0"]
[WhiteElo "2393"]
[BlackElo "2307"]
[PlyCount "73"]
[EventDate "2010.??.??"]
[EventCountry "DEN"]


1. d4 d5 2. Nf3 Nf6 3. c4 e6 4. Nc3 c6 5. cxd5 exd5 6. Bg5 Be7 7. e3 Bf5 8.
Bxf6 Bxf6 9. Bd3 Bxd3 10. Qxd3 Nd7 11. O-O-O O-O 12. h4 Be7 13. Kb1 f5 14. Ne5
Nxe5 15. dxe5 Qd7 16. Ne2 Rad8 17. Nf4 Rde8 18. Ne2 Rd8 19. h5 Qe6 20. f4 c5
21. Qc2 Rd7 22. Rd2 Bd8 23. Qxc5 Bb6 24. Qa3 Rc8 25. Rhd1 Rc4 26. Nd4 Bxd4 27.
Rxd4 Qc6 28. Qd3 Rc5 29. a3 g6 30. g4 fxg4 31. hxg6 hxg6 32. f5 gxf5 33. Qxf5
Rg7 34. Rxg4 Qh6 35. Rxg7+ Qxg7 36. Qe6+ Qf7 37. Rg1+ 1-0

[Event "BSF 75 aar Jubilaeum 2010"]
[Site "Bronshoj"]
[Date "2010.02.16"]
[Round "2"]
[White "Aabling Thomsen, Jakob"]
[Black "Andersen, Mads"]
[Result "1/2-1/2"]
[WhiteElo "2312"]
[BlackElo "2300"]
[PlyCount "79"]
[EventDate "2010.??.??"]
[EventCountry "DEN"]


1. d4 Nf6 2. c4 g6 3. Nc3 d5 4. Nf3 Bg7 5. Bg5 Ne4 6. cxd5 Nxg5 7. Nxg5 e6 8.
Qd2 exd5 9. Qe3+ Kf8 10. Qf4 Bf6 11. h4 h6 12. Nf3 Kg7 13. e3 Be6 14. Bd3 c6
15. g4 Nd7 16. Qg3 c5 17. O-O-O cxd4 18. Nxd4 Qb8 19. f4 Bxd4 20. exd4 Nf6 21.
Be2 h5 22. g5 Ne4 23. Nxe4 dxe4 24. d5 Bf5 25. Qc3+ Kh7 26. Qf6 Rf8 27. d6 e3
28. Bd3 e2 29. Rd2 Qe8 30. Re1 Rc8+ 31. Kb1 Qe3 32. Bxf5 Qxd2 33. Bxg6+ fxg6
34. Qe7+ Kg8 35. Qe6+ Kg7 36. Qe5+ Kh7 37. Qe7+ Kh8 38. Qe5+ Kg8 39. Qe6+ Kg7
40. Qe5+ 1/2-1/2

[Event "BSF 75 aar Jubilaeum 2010"]
[Site "Bronshoj"]
[Date "2010.02.16"]
[Round "2"]
[White "Brinck Claussen, Bjorn"]
[Black "Rossen, Claus"]
[Result "1-0"]
[WhiteElo "2300"]
[BlackElo "2223"]
[PlyCount "75"]
[EventDate "2010.??.??"]
[EventCountry "DEN"]


1. e4 c5 2. Nf3 d6 3. d4 cxd4 4. Nxd4 Nf6 5. Nc3 a6 6. Be3 e5 7. Nb3 Be6 8. f3
h5 9. Qd2 Nbd7 10. O-O-O b5 11. Nd5 Nxd5 12. exd5 Bf5 13. Na5 Qc7 14. Nc6 Nb6
15. h3 Nxd5 16. Qxd5 Be6 17. Qe4 f5 18. Qh4 Qxc6 19. Bd3 Rc8 20. Qg5 Rh6 21.
Rd2 Kf7 22. Bxf5 Qc4 23. Bxe6+ Qxe6 24. Kb1 Rc4 25. b3 Rc3 26. Re2 Be7 27. Qg3
Rh8 28. Bd4 Rc6 29. f4 Qd5 30. fxe5 Qxd4 31. Qf3+ Bf6 32. exf6 Rc7 33. Re7+
Rxe7 34. fxe7+ Qf6 35. Qd5+ Qe6 36. Rf1+ Kxe7 37. Qb7+ Kd8 38. Qb8+ 1-0

[Event "BSF 75 aar Jubilaeum 2010"]
[Site "Bronshoj"]
[Date "2010.02.16"]
[Round "2"]
[White "Andersen, Alf Roger"]
[Black "Huguet, Sergio"]
[Result "1/2-1/2"]
[WhiteElo "2200"]
[BlackElo "2138"]
[PlyCount "52"]
[EventDate "2010.??.??"]
[EventCountry "DEN"]


1. e4 Nf6 2. e5 Nd5 3. d4 d6 4. Nf3 Bg4 5. c4 Nb6 6. Be2 Nc6 7. exd6 cxd6 8. b3
g6 9. Bb2 Bg7 10. O-O O-O 11. a4 a5 12. Na3 e5 13. Nb5 Re8 14. h3 Bxf3 15. Bxf3
e4 16. Be2 d5 17. Rc1 Nb4 18. c5 Nc8 19. Qd2 Na7 20. Rfd1 Nxb5 21. axb5 Qh4 22.
Rc3 Bh6 23. Qe1 Na2 24. Rc2 Nb4 25. Rc3 Na2 26. Rc2 Nb4 1/2-1/2

[Event "BSF 75 aar Jubilaeum 2010"]
[Site "Bronshoj"]
[Date "2010.02.16"]
[Round "2"]
[White "Akdag, Dara Sevkan"]
[Black "Hvenekilde, Jorgen"]
[Result "1-0"]
[WhiteElo "2157"]
[BlackElo "2190"]
[PlyCount "59"]
[EventDate "2010.??.??"]
[EventCountry "DEN"]


1. d4 g6 2. c4 Bg7 3. e4 d6 4. Nc3 Nd7 5. Nf3 h6 6. Be3 e6 7. Qd2 Ne7 8. h4 b6
9. Nh2 Bb7 10. Ng4 h5 11. Nh2 f5 12. Nf3 fxe4 13. Ng5 Nf8 14. Ncxe4 Nf5 15. d5
Qe7 16. Nc3 Nxe3 17. fxe3 O-O-O 18. O-O-O Kb8 19. Be2 c6 20. Rhf1 exd5 21. cxd5
Rd7 22. Rf7 Qe5 23. Rxd7 Nxd7 24. Nf7 Qf6 25. Nxh8 Bxh8 26. dxc6 Bxc6 27. Qxd6+
Kb7 28. Bf3 Ne5 29. Bxc6+ Nxc6 30. Qxf6 1-0

[Event "BSF 75 aar Jubilaeum 2010"]
[Site "Bronshoj"]
[Date "2010.02.16"]
[Round "2"]
[White "Rosenkilde, Alexander"]
[Black "Petersen, Steen Brustrup"]
[Result "1-0"]
[WhiteElo "2215"]
[BlackElo "2154"]
[PlyCount "111"]
[EventDate "2010.??.??"]
[EventCountry "DEN"]


1. d4 Nf6 2. c4 e6 3. g3 c5 4. d5 exd5 5. cxd5 b5 6. Bg2 d6 7. a4 b4 8. Nd2 Ba6
9. b3 g6 10. Bb2 Bg7 11. Qc2 O-O 12. Nc4 Re8 13. Rd1 Qe7 14. f3 Nbd7 15. e4 Nb6
16. Ne2 Bxc4 17. bxc4 b3 18. Qxb3 Rab8 19. Qc2 Qb7 20. Bxf6 Bxf6 21. a5 Nd7 22.
O-O Qb3 23. Qxb3 Rxb3 24. f4 Rb2 25. Nc1 Rc2 26. Bh3 Nb8 27. e5 dxe5 28. Nd3
exf4 29. Rxf4 Bg5 30. Rff1 Ree2 31. Nf4 Rxh2 32. Bg2 Rhxg2+ 33. Nxg2 Rxc4 34.
Rb1 Rb4 35. Nf4 Bf6 36. Rbe1 Nd7 37. Re8+ Kg7 38. Ra8 c4 39. Kg2 Rb2+ 40. Kh3
Bd4 41. Rc8 g5 42. Nh5+ Kh6 43. g4 Be5 44. Rh1 c3 45. Rg8 Rb8 46. Rxb8 Bxb8 47.
Ng3 Kg6 48. Nf5 Bf4 49. Nd4 Kf6 50. Re1 Ne5 51. d6 c2 52. Nxc2 Ke6 53. Rd1 Nd7
54. Nd4+ Ke5 55. Nc6+ Ke4 56. Nxa7 1-0